Actividades para química i : una propuesta diferente /
Guardado en:
| Autor Principal: | |
|---|---|
| Otros Autores: | , , |
| Formato: | Libro |
| Publicado: |
Buenos Aires :
Colihue,
1987
|
| Materias: | |
| Etiquetas: |
Agregar Etiqueta
Sin Etiquetas, Sea el primero en etiquetar este registro!
|
| LEADER | 00697nam a22002175a 4500 | ||
|---|---|---|---|
| 001 | CEM.cems017769 | ||
| 005 | 20120319110618.0 | ||
| 008 | 130507s1987##################000#0#####d | ||
| 003 | CEMS | ||
| 020 | |a 9505813414 | ||
| 082 | 0 | 4 | |a 540 |
| 100 | 1 | |a Cervelli de Vidarte, Ana Laura | |
| 245 | 1 | 0 | |a Actividades para química i : |b una propuesta diferente / |c Ana Laura Cervelli de Vidarte ... [et Al.] |
| 260 | |a Buenos Aires : |b Colihue, |c 1987 | ||
| 300 | |a 186 p. | ||
| 653 | |a Química | ||
| 653 | |a Química-actividades | ||
| 700 | 1 | |a Gómez de Sarría, Elsa H. | |
| 700 | 1 | |a Mérida de Ortega, Emilse | |
| 700 | 1 | |a Novik de Wolf, Esther | |
| 859 | |a CEMS |b BIB. CEMS - Agricultura |h 540 |i C337 |p A1512.12 |t Ej.1 |v I |3 I | ||
